000 00671nam a2200241 a 4500
999 _c2868
_d2868
007 ta
008 240320t2023||||ii |||||||||||||| ||und||
020 _a9788196978167
_c775.00
040 _aKO
_beng
041 0 _aeng
044 _aii
082 0 4 _a623.893
_bV519
_223
100 1 _aVeera Senthil Kumar, G.
245 1 0 _aBasics of electronic aids for surface navigation /
_cG. Veera Senthil Kumar and Mihir Chandra
250 _a1st ed.
260 _aMumbai :
_bBhandarkar Publications,
_c2023
300 _a189 p. :
_b ill. ;
_c 26 cm.
650 0 _aElectronics in navigation
700 1 _aChandra, Mihir
_eaut
904 _aA_BOSE
942 _cBK